<?xml version="1.0" encoding="UTF-8"?>
<record
    xmlns:xsi="http://www.w3.org/2001/XMLSchema-instance"
    xsi:schemaLocation="http://www.loc.gov/MARC21/slim http://www.loc.gov/standards/marcxml/schema/MARC21slim.xsd"
    xmlns="http://www.loc.gov/MARC21/slim">

  <leader>01657nam a22002297a 4500</leader>
  <controlfield tag="001">6893</controlfield>
  <controlfield tag="003">FISKH</controlfield>
  <controlfield tag="005">20250605095107.0</controlfield>
  <controlfield tag="008">250604b        cb ||||| |||| 00| 0 eng d</controlfield>
  <datafield tag="020" ind1=" " ind2=" ">
    <subfield code="a">9789995000752</subfield>
  </datafield>
  <datafield tag="040" ind1=" " ind2=" ">
    <subfield code="a">FISKH</subfield>
    <subfield code="b">khr</subfield>
    <subfield code="c">FISKH</subfield>
    <subfield code="d">FISKH</subfield>
  </datafield>
  <datafield tag="082" ind1=" " ind2=" ">
    <subfield code="a">530</subfield>
  </datafield>
  <datafield tag="100" ind1=" " ind2=" ">
    <subfield code="a">Chandy, Eam </subfield>
  </datafield>
  <datafield tag="245" ind1=" " ind2=" ">
    <subfield code="a">&#x179C;&#x17B7;&#x1791;&#x17D2;&#x1799;&#x17B6;&#x179F;&#x17B6;&#x179F;&#x17D2;&#x179A;&#x17D2;&#x178F; &#x179A;&#x17BC;&#x1794;&#x179C;&#x17B7;&#x1791;&#x17D2;&#x1799;&#x17B6; :</subfield>
    <subfield code="b">&#x17E1;&#x17E1; /</subfield>
    <subfield code="c">&#x179B;&#x17C4;&#x1780;&#x179F;&#x17D2;&#x179A;&#x17B8; &#x17A2;&#x17C0;&#x1798; &#x1785;&#x17D0;&#x1793;&#x17D2;&#x1791;&#x178C;&#x17B8; ,&#x179B;&#x17C4;&#x1780;&#x179F;&#x17D2;&#x179A;&#x17B8; &#x1788;&#x17BB;&#x17C6; &#x178E;&#x17B6;&#x179C;&#x17B8;, &#x179B;&#x17C4;&#x1780;&#x1792;&#x17B6;&#x1784; &#x179F;&#x17D2;&#x179A;&#x17CA;&#x17BB;&#x1799; &#x1793;&#x17B7;&#x1784;&#x179B;&#x17C4;&#x1780; &#x1787;&#x17B6; &#x179F;&#x17C2; </subfield>
  </datafield>
  <datafield tag="250" ind1=" " ind2=" ">
    <subfield code="a">&#x1794;&#x17C4;&#x17C7;&#x1796;&#x17BB;&#x1798;&#x17D2;&#x1796;&#x1786;&#x17D2;&#x1793;&#x17B6;&#x17C6;&#x17E2;&#x17E0;&#x17E1;&#x17E9;</subfield>
  </datafield>
  <datafield tag="260" ind1=" " ind2=" ">
    <subfield code="a">&#x1797;&#x17D2;&#x1793;&#x17C6;&#x1796;&#x17C1;&#x1789; :</subfield>
    <subfield code="b">&#x1782;&#x17D2;&#x179A;&#x17BA;&#x17C7;&#x179F;&#x17D2;&#x1790;&#x17B6;&#x1793;&#x1794;&#x17C4;&#x17C7;&#x1796;&#x17BB;&#x1798;&#x17D2;&#x1796;&#x1793;&#x17B7;&#x1784;&#x1785;&#x17C2;&#x1780;&#x1795;&#x17D2;&#x179F;&#x17B6;&#x1799; , </subfield>
    <subfield code="c">&#x17E2;&#x17E0;&#x17E1;&#x17E9; .</subfield>
  </datafield>
  <datafield tag="300" ind1=" " ind2=" ">
    <subfield code="a">252 pages : </subfield>
    <subfield code="b">illustrations ;</subfield>
    <subfield code="c">25 cm . </subfield>
  </datafield>
  <datafield tag="520" ind1=" " ind2=" ">
    <subfield code="a">&#x179F;&#x17C0;&#x179C;&#x1797;&#x17C5;&#x179A;&#x17BC;&#x1794;&#x179C;&#x17B7;&#x1791;&#x17D2;&#x1799;&#x17B6;&#x1790;&#x17D2;&#x1793;&#x17B6;&#x1780;&#x17CB;&#x1791;&#x17B8;&#x17E1;&#x17E1; &#x1782;&#x17BA;&#x1787;&#x17B6;&#x1795;&#x17D2;&#x1793;&#x17C2;&#x1780;&#x1798;&#x17BD;&#x1799;&#x1793;&#x17C3;&#x1780;&#x1798;&#x17D2;&#x1798;&#x179C;&#x17B7;&#x1792;&#x17B8;&#x179F;&#x17B7;&#x1780;&#x17D2;&#x179F;&#x17B6;&#x1795;&#x17D2;&#x179B;&#x17BC;&#x179C;&#x1780;&#x17B6;&#x179A;&#x179A;&#x1794;&#x179F;&#x17CB;&#x1780;&#x17D2;&#x179A;&#x179F;&#x17BD;&#x1784;&#x17A2;&#x1794;&#x17CB;&#x179A;&#x17C6; &#x1799;&#x17BB;&#x179C;&#x1787;&#x1793; &#x1793;&#x17B7;&#x1784;&#x1780;&#x17B8;&#x17A1;&#x17B6; &#x178A;&#x17C2;&#x179B;&#x1798;&#x17B6;&#x1793;&#x1782;&#x17C4;&#x179B;&#x1794;&#x17C6;&#x178E;&#x1784;&#x1794;&#x1784;&#x17D2;&#x179A;&#x17C0;&#x1793;&#x179F;&#x17B7;&#x179F;&#x17D2;&#x179F;&#x17A2;&#x17C6;&#x1796;&#x17B8;&#x1782;&#x17D2;&#x179A;&#x17BF;&#x1784;&#x1795;&#x17D2;&#x179F;&#x17C6; &#x1793;&#x17B7;&#x1784;&#x1785;&#x179B;&#x1793;&#x17B6;&#x179A;&#x1794;&#x179F;&#x17CB;&#x17A2;&#x17B6;&#x178F;&#x17BC;&#x1798; &#x1793;&#x17B7;&#x1784;&#x1792;&#x17B6;&#x178F;&#x17BB;&#x1782;&#x17B8;&#x1798;&#x17B8;&#x1795;&#x17D2;&#x179F;&#x17C1;&#x1784;&#x17D7;&#x17D4;&#x200B;</subfield>
  </datafield>
  <datafield tag="520" ind1=" " ind2=" ">
    <subfield code="a">The Grade 11 Physics textbook is part of the official curriculum developed by the Ministry of Education, Youth and Sport of Cambodia. It is intended to teach students about the components and motion of atoms and various physical elements.</subfield>
  </datafield>
  <datafield tag="700" ind1=" " ind2=" ">
    <subfield code="a">Phany, Hak </subfield>
    <subfield code="e">Illustrator </subfield>
  </datafield>
  <datafield tag="942" ind1=" " ind2=" ">
    <subfield code="2">ddc</subfield>
    <subfield code="c">KHB</subfield>
    <subfield code="n">0</subfield>
  </datafield>
  <datafield tag="999" ind1=" " ind2=" ">
    <subfield code="c">6893</subfield>
    <subfield code="d">6893</subfield>
  </datafield>
  <datafield tag="952" ind1=" " ind2=" ">
    <subfield code="0">0</subfield>
    <subfield code="1">0</subfield>
    <subfield code="2">ddc</subfield>
    <subfield code="4">0</subfield>
    <subfield code="7">0</subfield>
    <subfield code="8">KH</subfield>
    <subfield code="a">002</subfield>
    <subfield code="b">002</subfield>
    <subfield code="c">SKB</subfield>
    <subfield code="d">2025-06-04</subfield>
    <subfield code="l">0</subfield>
    <subfield code="o">CHAN 530</subfield>
    <subfield code="p">2025-1487</subfield>
    <subfield code="r">2025-06-04 14:55:57</subfield>
    <subfield code="t">1</subfield>
    <subfield code="w">2025-06-04</subfield>
    <subfield code="y">KHB</subfield>
  </datafield>
  <datafield tag="952" ind1=" " ind2=" ">
    <subfield code="0">0</subfield>
    <subfield code="1">0</subfield>
    <subfield code="2">ddc</subfield>
    <subfield code="4">0</subfield>
    <subfield code="7">0</subfield>
    <subfield code="8">KH</subfield>
    <subfield code="a">002</subfield>
    <subfield code="b">002</subfield>
    <subfield code="c">SKB</subfield>
    <subfield code="d">2025-06-04</subfield>
    <subfield code="l">0</subfield>
    <subfield code="o">CHAN 530</subfield>
    <subfield code="p">2025-1538</subfield>
    <subfield code="r">2025-06-05 10:38:08</subfield>
    <subfield code="t">2</subfield>
    <subfield code="w">2025-06-04</subfield>
    <subfield code="y">KHB</subfield>
  </datafield>
</record>
